000
00261nam a22001217a 4500
008
170920b xxu||||| |||| 00| 0 eng d
041
_a
eng
080
_a
77
100
_a
45
101
_a
ART
245
_a
THE ART OF PHOTOGRAPHY
_c
KOM/J
942
_2
udc
_c
BK
999
_c
28602
_d
28602